Vi xử lý và cấu trúc máy vi tính

Gorde:
Xehetasun bibliografikoak
Egile nagusia: Nguyễn Nam Trung
Formatua: Liburua
Argitaratua: Khoa học và kỹ thuật 2001
Etiketak: Etiketa erantsi
Etiketarik gabe, Izan zaitez lehena erregistro honi etiketa jartzen!
Thư viện lưu trữ: Mạng thư viện Đại học Đà Nẵng
LEADER 00575nam a2200229 a 4500
001 000028718
003 22755
005 20171030145630.0
008 171030s2001
020 |c 31500 
040 |a LTT 
082 0 |a 005.6  |b NG-T 
100 1 |a Nguyễn Nam Trung 
245 0 0 |a Vi xử lý và cấu trúc máy vi tính  |c Nguyễn Nam Trung. 
260 |b Khoa học và kỹ thuật  |c 2001 
OWN |a LTT 
999 |a From the UDN01 
TYP |a Monograph 
TYP |a Printed language 
980 |a Mạng thư viện Đại học Đà Nẵng